000 00310nam a2200121 a 4500
008 100917s1988|||| d
245 1 0 _aĽúbostné listy rozkošníckeho šesťdesiatnika
100 1 _aDelibes, Miguel
260 _bTatran
_aBratislava
_c1988
020 _c15
044 _axo
_cSK
041 _aslo
999 _c10442
_d10442